Statistics for Greek Gods by Emoji

Click here to take the quiz!

General Stats

  • This quiz has been taken 204 times
  • The average score is 14 of 20

Answer Stats

EmojisGods% Correct
โšก ๐Ÿ‘‘ ๐ŸŒฉ๏ธZeus
98%
๐Ÿ’€ โšฐ๏ธ โฌ‡๏ธHades
96%
๐Ÿ’– ๐Ÿ‘ฉ โœจAphrodite
93%
๐ŸŒŠ ๐Ÿ”ฑ ๐ŸดPoseidon
92%
๐Ÿ‘Ÿ โœ‰๏ธ โžก๏ธHermes
89%
โš”๏ธ ๐Ÿฉธ ๐Ÿ›ก๏ธAres
88%
๐Ÿฆ‰ ๐Ÿง  ๐Ÿ’ญAthena
87%
๐ŸŽต ๐Ÿน โ˜€๏ธApollo
82%
๐Ÿน ๐ŸฆŒ ๐ŸŒ’Artemis
78%
๐ŸŒพ ๐ŸŒป ๐ŸงบDemeter
77%
๐Ÿ‘ธ ๐Ÿ’ ๐Ÿ‘ถHera
76%
๐Ÿท ๐Ÿ‡ ๐ŸŽ‰Dionysus
75%
๐ŸŒท ๐ŸŒผ โฌ‡๏ธPersephone
71%
๐Ÿ› ๏ธ ๐Ÿ”ฅ ๐ŸงฐHephaestus
68%
๐Ÿ’˜ ๐Ÿ‘ฉโ€โค๏ธโ€๐Ÿ‘จ ๐Ÿ‘ผEros
60%
๐Ÿ ๐ŸŒฒ ๐ŸŒฑPan
51%
๐Ÿ”ฅ ๐Ÿ  ๐Ÿ‘จโ€๐Ÿ‘ฉโ€๐Ÿ‘ฆHestia
44%
๐Ÿฅ‡ ๐ŸŽ‰ ๐Ÿ†Nike
43%
๐Ÿช„ ๐Ÿงโ€โ™€๏ธ ๐Ÿ”ฎHecate
36%
โš–๏ธ ๐Ÿ‘ฉโ€โš–๏ธNemesis
17%

Score Distribution

Percentile by Number Answered

Percent of People with Each Score

Your Score History

You have not taken this quiz